Normal view
MARC view
- العلوم التطبيقيه الاطفال -عناية
Entry Topical Term
001 - CONTROL NUMBER
- control field: 10703
003 - CONTROL NUMBER IDENTIFIER
- control field: JO-AjAnu
005 - DATE AND TIME OF LATEST TRANSACTION
- control field: 20230606072022.0
008 - FIXED-LENGTH DATA ELEMENTS
- fixed length control field: 230606|| aca||aabn | a|a d
040 ## - CATALOGING SOURCE
- Original cataloging agency: JO-AjAnu
- Transcribing agency: JO-AjAnu
150 ## - HEADING--TOPICAL TERM
- Topical term or geographic name entry element: العلوم التطبيقيه الاطفال -عناية
670 ## - SOURCE DATA FOUND
- Source citation: Work cat.: (JO-AjAnu)5510: الصميدعي ، لؤي غانم, author 10702, الجهاز الحركي للطفل قبل الولادة وبعدها بسنة